Statistics for Every Pokemon Game Ever

Click here to take the quiz!

General Stats

  • This quiz has been taken 13 times
    (3 since last reset)
  • The average score is 45 of 70

Answer Stats

ConsoleGame% Correct
GameboyPocket Monsters: Red and Green
100%
DSPokemon Black 2 and White 2
100%
DSPokemon Black and White
100%
SwitchPokemon Brilliant Diamond and Shining Pearl
100%
GCNPokemon Colosseum
100%
GBCPokemon Crystal
100%
DSPokemon Diamond and Pearl
100%
GBAPokemon Emerald
100%
GBAPokemon FireRed and LeafGreen
100%
GBCPokemon Gold and Silver
100%
DSPokemon HeartGold and Soulsilver
100%
SwitchPokemon Let's Go Eevee and Let's Go Pikachu
100%
3DSPokemon Omega Ruby and Alpha Sapphire
100%
GBCPokemon Pinball
100%
GBAPokemon Platinum
100%
GameboyPokemon Red and Blue
100%
GBAPokemon Ruby and Sapphire
100%
SwitchPokemon Scarlet/Violet
100%
N64Pokemon Snap
100%
3DSPokemon Sun and Moon
100%
SwitchPokemon Sword and Shield
100%
3DSPokemon X and Y
100%
GameboyPokemon Yellow: Special Pikachu Edition
100%
3DSDetective Pikachu
67%
SwitchNew Pokemon Snap
67%
WiiPokemon Battle Revolution
67%
GCNPokemon Channel
67%
DSPokemon Dash
67%
GBA/DSPokemon Mystery Dungeon: Blue Rescue Team and Red Rescue Team
67%
DSPokemon Mystery Dungeon: Explorers of Sky
67%
DSPokemon Mystery Dungeon: Explorers of Time and Explorers of Darkness
67%
SwitchPokemon Mystery Dungeon: Rescue Team DX
67%
GBAPokemon Pinball: Ruby & Sapphire
67%
N64Pokemon Puzzle League
67%
DSPokemon Ranger
67%
DSPokemon Ranger: Guardian Signs
67%
DSPokemon Ranger: Shadows of Almia
67%
WiiPokemon Rumble
67%
Wii UPokemon Rumble U
67%
3DSPokemon Rumble World
67%
3DSPokemon Shuffle
67%
DSPokemon Trozei
67%
3DSPokemon Ultra Sun and Ultra Moon
67%
SwitchPokemon Unite
67%
GCNPokemon XD: Gale of Darkness
67%
WiiPokePark 2: Wonders Beyond
67%
WiiPokePark Wii: Pikachu's Adventure
67%
Wii UPokken Tournament
67%
SwitchPokken Tournament DX
67%
N64Hey You, Pikachu!
33%
DSLearn with Pokemon: Typing Adventure
33%
3DSPokemon Bank
33%
3DSPokemon Battle Trozei
33%
GCNPokemon Box: Ruby and Sapphire
33%
DSPokemon Conquest
33%
SwitchPokemon HOME
33%
3DSPokemon Mystery Dungeon: Gates to Infinity
33%
3DSPokemon Picross
33%
GBCPokemon Puzzle Challenge
33%
SwitchPokemon Quest
33%
3DSPokemon Rumble Blast
33%
N64Pokemon Stadium
33%
N64Pokemon Stadium 2
33%
3DSPokemon Super Mystery Dungeon
33%
WiiMy Pokemon Ranch
0%
GameboyPocket Monsters: Blue
0%
N64Pocket Monsters Stadium
0%
SwitchPokemon Cafe Mix
0%
SwitchPokemon Legends of Arceus
0%
WiiPokémon Mystery Dungeon: Keep Going! Blazing Adventure Squad!, Let's Go! Stormy Adventure Squad!, and Go For It! Light Adventure Squad!
0%

Score Distribution

Percentile by Number Answered

Percent of People with Each Score

Your Score History

You have not taken this quiz since the last reset